000
00356nam a2200133Ia 4500
005
20251013221656.0
008
251010s9999 xx 000 0 und d
041
_a
mar
100
_a
गडकरी मा.
_9
214538
245
_a
अष्टपैलू आचार्य अत्रे
250
_a
1ST
260
_b
Shreevidya
_c
1997
300
_a
72
999
_c
368830
_d
368830